Statistics for All minecraft splash text

Click here to take the quiz!

General Stats

  • This quiz has been taken 9 times
  • The average score is 4 of 450

Answer Stats

Answer% Correct
...!
100%
/give @a hugs 64
100%
Also try Terraria!
40%
Wow!
40%
Also try Braid!
20%
Also try Super Meat Boy!
20%
Also try World of Goo!
20%
Follow the train, CJ
20%
Minecraft!
20%
Wash your hands!
20%
Woah!
20%
你好中国!
0%
Γεια σου Ελλάδα!
0%
日本ハロー!
0%
한국 안녕하세요!
0%
100% pure!
0%
10 years of Mining and Crafting!
0%
12345 is a bad password!
0%
12 herbs and spices!
0%
150 bpm for 400000 minutes!
0%
150% hyperbole!
0%
1% sugar!
0%
20 GOTO 10!
0%
4815162342 lines of code!
0%
90210!
0%
90% bug free!
0%
Absolutely fixed relatively broken coordinates
0%
Absolutely no memes!
0%
Afraid of the big, black bat!
0%
Age of Wonders is better!
0%
Ahhhhhh!
0%
All inclusive!
0%
All is full of live!
0%
All rumors are true!
0%
''Almost never'' is an interesting concept!
0%
Also try Limbo!
0%
Also try Minecraft Dungeons!
0%
Also try Mount And Blade!
0%
Also try Pixeljunk Shooter!
0%
Also try Project Zomboid!
0%
Also try VVVVVV!
0%
Amplify and listen to BIPOC voices!
0%
And my pickaxe!
0%
An illusion! what are you hiding?
0%
Any computer is a laptop if you're brave enough!
0%
A riddle, wrapped in a mystery!
0%
A skeleton popped out!
0%
Ask your doctor!
0%
As seen on TV!
0%
''Autological'' is!
0%
Autonomous!
0%
Awesome!
0%
Awesome community
0%
Awesome game design right there!
0%
Aww man!
0%
Be anti-racist!
0%
Bees, bees, bees, bees!
0%
Bekarton guards the gate!
0%
Best in class!
0%
Bigger than a bread box!
0%
Big Pointy Teeth!
0%
Black lives matter!
0%
Blue Warrior shot the food!
0%
Board game version also available!
0%
Boats FTW
0%
Boots with the fur!
0%
Bread is pain!
0%
Bringing home the bacon!
0%
Bring it on!
0%
Bring me Ray Cokes!
0%
BTAF used to be good!
0%
Buckets of lava!
0%
Bushy eyebrows!
0%
Buzzy Bees!
0%
Call your mother!
0%
Casual gaming!
0%
Ceci n'est pas une title screen!
0%
Check it out!
0%
Check out the far lands!
0%
Child's play!
0%
Classy!
0%
Closed source!
0%
Cloud computing!
0%
Cogito ergo sum!
0%
Collaborate and listen!
0%
Colormatic
0%
Complex cellular automata!
0%
Consummate V's!
0%
Contains infinite genders!
0%
Contains simulated goats!
0%
Conventional!
0%
Cough or sneeze into your elbow!
0%
Cow Tools!
0%
Create!
0%
Croak team!
0%
Cruising streets for gold!
0%
Cześć Polsko!
0%
Déjà vu!
0%
Does barrel rolls!
0%
Doesn't avoid double negatives!
0%
Doesn't use the U-word!
0%
Do it all, everything!
0%
Do not distribute!
0%
Don't bother with the clones!
0%
Don't feed avocados to parrots!
0%
Don't feed chocolate to parrots!
0%
Don't look directly at the bugs!
0%
Don't touch your face!
0%
Don't worry, be happy!
0%
doot doot
0%
Double buffered!
0%
Do you want to join my server?
0%
DRR! DRR! DRR!
0%
Dungeon!
0%
DungeonQuest is unfair!
0%
Edit is a name!
0%
Edit is a name
0%
Educate your friends on anti-racism!
0%
Engage!
0%
Enhanced!
0%
Envision! Create! Share!
0%
Eple (original edit)!
0%
Euclidian!
0%
Everybody do the Leif!
0%
Excitement!
0%
Exclusive!
0%
Exploding creepers!
0%
Extra things!
0%
Fabulous graphics!
0%
Falling of cliffs!
0%
Falling with style!
0%
Fan fiction!
0%
Fantasy!
0%
Fat free!
0%
Feature packed!
0%
Finally complete!
0%
Finally with ladders!
0%
Find your claw!
0%
Finger-licking!
0%
Flashing letters!
0%
Flavor with no seasoning!
0%
Flaxkikare!
0%
Flower forest TM perfume
0%
Fnord!
0%
Freaky!
0%
Free dental!
0%
From free range developers!
0%
From the streets of Södermalm!
0%
Full of stars!
0%
Funk soul brother!
0%
FUNKY LOL
0%
Gamers unite - separately in your own homes!
0%
Gargamel plays it!
0%
Gasp!
0%
Get to the coppah!
0%
Ghoughpteighbteau tchoghs
0%
Give us Groden!
0%
GNU Terry Pratchett
0%
Google anlyticsed!
0%
Go to the dentist!
0%
GOTY!
0%
Got your nose!
0%
Guaranteed!
0%
Haha, LEL!
0%
Haha, LOL!
0%
Haley loves Elan!
0%
Hampsterdance!
0%
Hang out with your friends online!
0%
Han shot first!
0%
Hard to label!
0%
Has an ending!
0%
Has working bookshelves!
0%
Hat Fridays!
0%
Haunted!
0%
Heaps of hits on YouTube!
0%
Helo Cymru!
0%
Herregud!
0%
Holy cow, man!
0%
Home-made!
0%
Homeomorphic to a 3-sphere!
0%
Honey, I grew the bees!
0%
Honey, I grew the bees
0%
Honey, I waxed the copper!
0%
Hot tamale, hot hot tamale!
0%
Hotter than the sun!
0%
HURNERJSGER?
0%
idspispopd!
0%
if not ok then return end
0%
I have a suggestion
0%
I'm glad you're here!
0%
I miss ADOM!
0%
In case it isn't obvious, foxed aren't players.
0%
Indev!
0%
Indie!
0%
I need more context.
0%
Information wants to be free!
0%
Ingots!
0%
Inspirational!
0%
Internet enabled!
0%
I see your vocabulary has improved!
0%
It came from space.
0%
It's a game!
0%
It's finished
0%
It's groundbreaking!
0%
It's here!
0%
It swings, it jives!
0%
Jag känner en bot!
0%
Jason! Jason! Jason!
0%
Jason! Jason! Jason! Jeison?
0%
Java 16 + 1 = 17!
0%
Javalicious edition
0%
Jeb has amazing hair!
0%
Joel is neat!
0%
Joule is neat too!
0%
Jump up, jump up, and get down!
0%
Kaaneeeedaaaa!
0%
Keyboard compatible!
0%
Khaaaaaaaaan!
0%
Kick it rootdown!
0%
Kinda like Lemmings!
0%
Kind of dragon free!
0%
Kiss the sky!
0%
l33t!
0%
Larger than Earth!
0%
Learn about allyship!
0%
Legal in Finland
0%
Lennart lennart = new Lennart();
0%
Less addictive than TV Tropes!
0%
Less polygons
0%
Let our battle's begin!
0%
Let's danec!
0%
Leveraging synergy!
0%
Limited edition!
0%
Lives in a pineapple under the sea!
0%
Livestreamed!
0%
Look mum, I'm in a splash!
0%
Lots of truthiness!
0%
Loved by millions!
0%
<3 Max & 99 & Ducky!
0%
Macroscopic!
0%
Made by Jeb!
0%
Made by ''real'' people!
0%
Made in Sweden!
0%
Made with Lave!
0%
Make me a table, a funky table!
0%
MAP11 has two names!
0%
Matt Damon!
0%
May contain nuts
0%
May contain traces of citrus!
0%
Meeting expactations!
0%
Menger sponge!
0%
Millions of peaches!
0%
#minecraftfarms
0%
Minecraft Java Edition presents: Disgusting Bugs
0%
Minors welcome!
0%
Mmmph, mmph!
0%
Moderately attractive!
0%
Monster infighting!
0%
More addictive than lemonade!
0%
More Digital!
0%
More polygons
0%
More than 500 sold!
0%
Music by C418!
0%
Music by Lena Raine!
0%
My life for Aiur!
0%
Never dig down!
0%
Nice to meet you!
0%
Nooooooooooooo!
0%
Not as cool as Spock!
0%
Not linear!
0%
Not on Steam!
0%
Now contains 32 random daily cats!
0%
Now in 3D!
0%
Now on OpenGL 3.2 core profile
0%
Now supports åäö!
0%
Now with additional stuff!
0%
Now with difficulty!
0%
Now with extra hugs!
0%
Now With Multiplayer!
0%
Now you are thinking with piston!
0%
NP is not in P!
0%
Octagonal!
0%
Oh man!
0%
Oh, ok, Pigmen!
0%
OICU812!
0%
Omnipotent!
0%
One day, somewhere in the future, my work will be quoted!
0%
One of a kind!
0%
.party()!
0%
PC gaming since 1873!
0%
Peter Griffin!
0%
Ph1lza had a good run!
0%
Phobos anomaly!
0%
Ping the human!
0%
Pixels!
0%
Place ALL the blocks!
0%
Place hanging sign here
0%
Plant a tree!
0%
Plant-based light sources!
0%
Played by cowboys
0%
Play him off, keyboard cat!
0%
Play Minecraft, Watch Topgear, Get Pig!
0%
pls rt
0%
Plz reply to my tweet!
0%
Pneumatic!
0%
Polynomial!
0%
Prepare, but don't hoard!
0%
Pretty!
0%
Pretty scary!
0%
Pumpa kungen!
0%
Pumpkinhead!
0%
Punching wood!
0%
Put a little fence around it!
0%
Put that cookie down!
0%
Rainbow turtle?
0%
Random splash!
0%
Read more books!
0%
Reference implementation!
0%
Regional resources!
0%
Remember to brush your......teeth
0%
Replaced molten cheese with blood?
0%
Representing Edsbyn!
0%
Reticulating splines
0%
RIBBIT!
0%
Ride the pig!
0%
Rise from your grave!
0%
Rita is the new top dog!
0%
Rule #1: it's never my fault
0%
Run, coward! I hunger!
0%
Ryan also has amazing hair!
0%
Save the world - stay inside!
0%
Scary!
0%
Scientific!
0%
Seecret Friday update!
0%
See you next Friday or so!
0%
Sensational!
0%
Shop for your elders!
0%
Should not be played while driving
0%
Shriek like a Sculk Shrieker!
0%
Singleplayer!
0%
Slow acting portals!
0%
Sniff sniff...
0%
Soap and water!
0%
So fresh, so clean!
0%
Something funny!
0%
Something's not quite right...
0%
So sweet, like a nice bon bon!
0%
speak OUT against injustice and UP for equality!
0%
Spiders everywhere!
0%
sqrt(-1) love you!
0%
Stand up for equality in your community!
0%
Stay a while and listen!
0%
Stay a while, stay forever!
0%
Stay home and play games!
0%
Stay safe!
0%
Stay strong!
0%
Stop being reasonable, this is the Internet!
0%
Stop, hammertime!
0%
Strange, but not a stranger!
0%
Sublime!
0%
Supercalifragilisticexpialidocious!
0%
Support elderly relatives and friends!
0%
Support local businesses!
0%
Support the BIPOC community and creators!
0%
Survive!
0%
SWM forever!
0%
Swords for everyone!
0%
Synecdoche!
0%
Take an eggbeater and beat it against a skillet!
0%
Take frequent breaks!
0%
Take her pillow!
0%
Take the elevator to the mezzanine!
0%
Technically good!
0%
Technoblade never dies!
0%
Technologic!
0%
Teetsuuuuoooo!
0%
Tell your friends!
0%
Terrestrial!
0%
Testificates!
0%
Thank you for the fish!
0%
That's no moon!
0%
That's Numberwang!
0%
That's super!
0%
The bee's knees!
0%
The creeper is a spy!
0%
The cutest predator you'll evert meet!
0%
Thematic!
0%
There's <<a cat on, my keyboard!~
0%
There's no stopping the Trollmaso
0%
The sky is the limit!
0%
The sum of its parts!
0%
The true meaning of covfefe
0%
This is good for Realms.
0%
This is my true form!
0%
This message will never appear on the splash screen, isn't that weird?
0%
This parrot is no morel! It has ceased to be!
0%
This sand is sus
0%
[this splash text is now available]
0%
This text is hard to read if you play the game at the default resolution, but at 1080p it's fine!
0%
Thousands of colors!
0%
Throw a blanket over it!
0%
Throw yourseld at the groudn and miss
0%
Tip your waiter!
0%
Tougher than diamonds, rich like cream!
0%
Treatment for your rash!
0%
Truly gone fishing!
0%
Try it!
0%
Try the mushroom stew!
0%
Try the Nether!
0%
Turing complete!
0%
Twittered about!
0%
Tyrion would love it!
0%
Ultimate edition!
0%
umop-apisdn!
0%
Undefeated!
0%
Une Baguette!
0%
Uninflammable!
0%
Uses LWJGL!
0%
Vanilla!
0%
Verlet intregration!
0%
Very fun!
0%
Very influential in its circle!
0%
Vote for net neutrality!
0%
Warning! A huge battleship ''STEVE'' is approaching fast!
0%
Water bottle!
0%
Water proof!
0%
Welcome to your Doom!
0%
What do you expect?
0%
What's the question
0%
What's up Doc?
0%
Where there is not light, there can spider!
0%
Whoa, dude!
0%
Who let the frogs out?
0%
Who put it there!
0%
Woo, 2pp!
0%
Woo, facepunch!
0%
Woo, somethingawful!
0%
Woo, tigsource!
0%
Woo, worldofminecraft!
0%
Yaaay!
0%
Yay, puppies for everyone!
0%
Yes, sir!
0%
You are valid!
0%
You are welcome here!
0%
You can't explain that!
0%
You're going too fast!
0%
Your gender is valid!
0%
You've got a brand new key!
0%
Zoglin!?
0%

Score Distribution

Percentile by Number Answered

Percent of People with Each Score

Your Score History

You have not taken this quiz